Largest Danish Cities by Population - Statistics

General Stats
  • This quiz has been taken 69 times
  • The average score is 8 of 20
Answer Stats
Population Answer % Correct
1,153,600 Copenhagen
100%
122,200 Aalborg
88%
237,500 Arhus
86%
145,900 Odense
86%
72,200 Esbjerg
67%
44,200 Roskilde
51%
55,300 Kolding
49%
55,700 Randers
49%
51,177 Vejle
44%
41,600 Silkeborg
42%
50,000 Horsens
37%
44,700 Herning
33%
36,900 Fredericia
28%
40,600 Naestved
26%
95,000 Fredericksburg
19%
49,300 Hvidovre
7%
40,000 Ballerup
2%
47,600 Greve
2%
40,000 Charlottenlund
0%
37,100 Vanlose
0%
No matching quizzes found
Score Distribution
Percent of People with Each Score
Percentile by Number Answered
Your Score History
You have not taken this quiz